| 000 | nam a22 7a 4500 | ||
|---|---|---|---|
| 999 |
_c356112 _d356112 |
||
| 003 | NUST | ||
| 005 | 20180123135442.0 | ||
| 008 | 180123b xxu||||| |||| 00| 0 eng d | ||
| 040 | _c0 | ||
| 082 | _a10 MAN | ||
| 245 | _aModel 111 Zero-Air Supply Including External Air Compressor | ||
| 260 |
_aFranklin, Massachusetts _bThermo Environmental Instruments _c1991 |
||
| 300 | _a34p. | ||
| 500 | _aphotocopy | ||
| 942 |
_2ddc _cBK _kIESE |
||